000 00280nam a2200109 a 4500
005 20201002053419.0
008 180418s2017 000 spa d
020 _a9789945124629
245 0 _aEnglish for secondary school 3 :.
260 _aSanto Domingo,
_c2017.
999 _c46655
_d46655
040 _aDO-SdBNP